<?xml version="1.0" encoding="UTF-8"?>
<record
    xmlns:xsi="http://www.w3.org/2001/XMLSchema-instance"
    xsi:schemaLocation="http://www.loc.gov/MARC21/slim http://www.loc.gov/standards/marcxml/schema/MARC21slim.xsd"
    xmlns="http://www.loc.gov/MARC21/slim">

  <leader>00839nab a2200241 uc4500</leader>
  <controlfield tag="001">783004</controlfield>
  <controlfield tag="005">20241025091235.0</controlfield>
  <controlfield tag="008">021029e20010701                    eng  </controlfield>
  <datafield tag="035" ind1=" " ind2=" ">
    <subfield code="a">783004</subfield>
  </datafield>
  <datafield tag="035" ind1=" " ind2=" ">
    <subfield code="a">(OCoLC)819995883</subfield>
  </datafield>
  <datafield tag="040" ind1=" " ind2=" ">
    <subfield code="c">comduadb</subfield>
  </datafield>
  <datafield tag="041" ind1=" " ind2=" ">
    <subfield code="a">eng</subfield>
  </datafield>
  <datafield tag="100" ind1="1" ind2="0">
    <subfield code="a">C&#xED;ntora G., Armando</subfield>
    <subfield code="4">aut</subfield>
    <subfield code="e">aut</subfield>
    <subfield code="9">360794</subfield>
  </datafield>
  <datafield tag="245" ind1="1" ind2="0">
    <subfield code="a">On the possible evolutionary justification of our epistemic capacities</subfield>
  </datafield>
  <datafield tag="650" ind1=" " ind2=" ">
    <subfield code="a">Epistemologia evolutiva</subfield>
    <subfield code="9">108641</subfield>
  </datafield>
  <datafield tag="650" ind1=" " ind2=" ">
    <subfield code="a">Justificacion</subfield>
    <subfield code="9">114488</subfield>
  </datafield>
  <datafield tag="650" ind1=" " ind2=" ">
    <subfield code="a">Capacidad (Filosofia)</subfield>
    <subfield code="9">62770</subfield>
  </datafield>
  <datafield tag="650" ind1=" " ind2="7">
    <subfield code="a">Ciencias de la vida</subfield>
    <subfield code="2">lemb</subfield>
    <subfield code="9">13079</subfield>
  </datafield>
  <datafield tag="650" ind1=" " ind2="7">
    <subfield code="a">Cognici&#xF3;n</subfield>
    <subfield code="2">lemb</subfield>
    <subfield code="9">8995</subfield>
  </datafield>
  <datafield tag="650" ind1=" " ind2=" ">
    <subfield code="a">Adaptaci&#xF3;n biol&#xF3;gica</subfield>
    <subfield code="9">36331</subfield>
  </datafield>
  <datafield tag="773" ind1="0" ind2=" ">
    <subfield code="t">Ludus Vitalis : Revista de Filosof&#xED;a de las Ciencias de la Vida (M&#xE9;xico)</subfield>
    <subfield code="g">Vol. 09, No. 16, 2001, p. 27-46</subfield>
    <subfield code="w">778980</subfield>
    <subfield code="x">1133-5165</subfield>
    <subfield code="0">265373</subfield>
  </datafield>
  <datafield tag="942" ind1=" " ind2=" ">
    <subfield code="c">ARIMP</subfield>
  </datafield>
  <datafield tag="999" ind1=" " ind2=" ">
    <subfield code="c">257627</subfield>
    <subfield code="d">257627</subfield>
  </datafield>
</record>
